Deutsche Politiker der 1950er Jahre - Statistiken

Allgemein
  • Dieses Quiz wurde 238 mal gespielt
  • Das Durchschnittsergebnis liegt bei 3 aus 12
Antwortstatistiken
Bildquiz Antwort % Korrekt
Konrad Adenauer
100%
Theodor Heuss
71%
Kurt Schumacher
56%
Gerhard Schröder
36%
Erich Ollenhauer
23%
Wilhelm Pieck
17%
Otto Grotewohl
11%
Heinrich von Brentano
7%
Jakob Kaiser
7%
Franz Blücher
5%
Peter Altmeier
4%
Otto Nuschke
0%
Keine übereinstimmenden Quizze gefunden
Verteilung der Resultate
Anzahl Personen mit jedem Resultat
Perzentil nach korrekt beantworteten Fragen
Ihre Resultats-Entwicklung
Sie haben dieses Quiz noch nicht gespielt